<?xml version="1.0" encoding="UTF-8"?>
<record
    xmlns:xsi="http://www.w3.org/2001/XMLSchema-instance"
    xsi:schemaLocation="http://www.loc.gov/MARC21/slim http://www.loc.gov/standards/marcxml/schema/MARC21slim.xsd"
    xmlns="http://www.loc.gov/MARC21/slim">

  <leader>01700    a2200205   4500</leader>
  <controlfield tag="001">56779</controlfield>
  <controlfield tag="005">20260407155831.0</controlfield>
  <controlfield tag="008">260407a2004    arg                 spa d</controlfield>
  <controlfield tag="003">AR-UNSa-BCEJYS</controlfield>
  <datafield tag="040" ind1=" " ind2=" ">
    <subfield code="a">AR-UNSa-BCEJYS</subfield>
    <subfield code="b">spa</subfield>
    <subfield code="c">AR-UNSa-BCEJYS</subfield>
  </datafield>
  <datafield tag="080" ind1=" " ind2=" ">
    <subfield code="a">330.567.28</subfield>
    <subfield code="x">Econom&#xED;a y Finanzas de los particulares</subfield>
  </datafield>
  <datafield tag="245" ind1="1" ind2="0">
    <subfield code="a">Gu&#xED;a para Invertir</subfield>
    <subfield code="p">En qu&#xE9; invierten los ricos &#xA1; a diferencia de las media y pobre !</subfield>
  </datafield>
  <datafield tag="020" ind1=" " ind2=" ">
    <subfield code="a">987-04-0005-1</subfield>
  </datafield>
  <datafield tag="264" ind1=" " ind2="1">
    <subfield code="a">Buenos Aires :</subfield>
    <subfield code="b">Aguilar</subfield>
    <subfield code="c">2004</subfield>
  </datafield>
  <datafield tag="300" ind1=" " ind2=" ">
    <subfield code="a">613 p.</subfield>
    <subfield code="c">24 cm.</subfield>
  </datafield>
  <datafield tag="505" ind1=" " ind2=" ">
    <subfield code="a">1. &#xBF;En qu&#xE9; debo invertir? &#x2013; 2. Forjando los cimientos de la riqueza &#x2013; 3. La elecci&#xF3;n &#x2013; 4. &#xBF;Qu&#xE9; clase de mundo ve usted? &#x2013; 5. &#xBF;Por qu&#xE9; es desconcertante invertir? &#x2013; 6.La inversi&#xF3;n es un plan &#x2013; 7. &#xBF;Est&#xE1; planificado para ser rico? &#x2013; 8. Volverse rico es un proceso &#x2013; 9. &#xBF;C&#xF3;mo puede encontrar el plan correcto para usted? &#x2013; 10. Decida ahora que quiere ser cuando crezca &#x2013; 11. Cada plan tiene un precio &#x2013; 12. Porque invertir no es un riesgo &#x2013; 13. &#xBF;De qu&#xE9; lado de la mesa quiere sentarse? &#x2013; 14. Las reglas b&#xE1;sicas de la inversi&#xF3;n &#x2013; 15.Disminuya el riesgo por medio de la educaci&#xF3;n financiera &#x2013; 16. La educaci&#xF3;n financiera  me hizo ser sencillo &#x2013; 17. La magia de los errores &#x2013; 18. &#xBF;Cu&#xE1;l es el precio de volverse rico? &#x2013; 19. El acertijo 90-10 &#x2013; 20. Resolver el acertijo 90-10 &#x2013; 21. Las categor&#xED;as de los inversionistas de mi padre rico &#x2013; 22. El inversionista acelerado &#x2013; 23. El inversionista calificado &#x2013; 24. El inversionista sofisticado &#x2013; 25. El inversionista  interno &#x2013; 26. El inversionista consumado    </subfield>
  </datafield>
  <datafield tag="942" ind1=" " ind2=" ">
    <subfield code="c">BK</subfield>
  </datafield>
  <datafield tag="590" ind1=" " ind2=" ">
    <subfield code="a">niveau_biblio:m niveau_hierar:0</subfield>
  </datafield>
  <datafield tag="100" ind1="1" ind2=" ">
    <subfield code="a">Kiyosaki, Robert T.</subfield>
  </datafield>
  <datafield tag="999" ind1=" " ind2=" ">
    <subfield code="c">6043</subfield>
    <subfield code="d">6043</subfield>
  </datafield>
  <datafield tag="952" ind1=" " ind2=" ">
    <subfield code="0">0</subfield>
    <subfield code="1">0</subfield>
    <subfield code="4">0</subfield>
    <subfield code="7">0</subfield>
    <subfield code="a">BCEJYS</subfield>
    <subfield code="b">BCEJYS</subfield>
    <subfield code="c">16</subfield>
    <subfield code="d">2026-04-07</subfield>
    <subfield code="l">0</subfield>
    <subfield code="o">330.567.28 K46g</subfield>
    <subfield code="p">L116824</subfield>
    <subfield code="r">2026-04-07 15:58:31</subfield>
    <subfield code="w">2026-04-07</subfield>
    <subfield code="y">L</subfield>
  </datafield>
</record>
